Pierre Garnier - Sur pause [paroles] - Statistiques

Statistiques générales
  • Ce quiz a été pris 14 fois
  • Le résultat moyen est 60 sur 81
Statistiques - réponses
Réponse % Correct
à
100%
comme
91%
de
91%
je
91%
la
91%
91%
le
91%
les
91%
ma
91%
me
91%
pas
91%
un
91%
avancer
82%
avec
82%
ça
82%
dans
82%
gâcher
82%
j’étais
82%
jeu
82%
j’me
82%
mais
82%
pause
82%
peu
82%
si
82%
sur
82%
tout
82%
vie
82%
vois
82%
beau
73%
est
73%
et
73%
faire
73%
fait
73%
faudrait
73%
feu
73%
j’ai
73%
j’connais
73%
joue
73%
j’vois
73%
l’ordre
73%
mal
73%
mettre
73%
n’ai
73%
normal
73%
73%
pied
73%
que
73%
regarde
73%
règles
73%
rester
73%
tête
73%
trop
73%
chantier
64%
cœur
64%
danser
64%
décalage
64%
défaut
64%
en
64%
fais
64%
j’suis
64%
j’vais
64%
j’veux
64%
laissez-moi
64%
l’inviter
64%
m’attache
64%
m’emporte
64%
mieux
64%
m’laisser
64%
m’laisser
64%
mon
64%
m’ressemble
64%
nuit
64%
oh
64%
parfois
64%
penser
64%
perdre
64%
quand
64%
qu’on
64%
voudrais
64%
m’oblige
55%
s’échapper
55%
Aucun quiz correspondant
Distribution des résultats
% des personnes avec chaque résultat
Percentile par nombre de réponses
Votre historique - résultats
Vous n’avez pas pris ce quiz